000
00318nam a2200121Ia 4500
008
180309s9999 xx 000 0 und d
020
_a
446313084
100
_a
Smith, Nila Banton
245
_a
Speed reading made easy /
260
_a
New Jersey :
_b
1963
_c
Warner books
300
_a
288 pages
650
_a
Speed reading
999
_c
356110
_d
356110